000 00462nam a2200181Ia 4500
005 20250508165722.0
008 008 250505s9999 xx 000 0 eng d
037 _aTextual
040 _aFEDL
_beng
_cFEDL
041 _aeng
_2eng
084 _a510, MAL/O
_qFEDL
245 0 _aKunhi mani ( mathematics ) : textbook - 3.2
260 _c1997
300 _a127p.
546 _aC.S.E.C
942 _cTEXL
_h510, MAL/O
999 _c1396995
_d1396995